000 00502nam a2200181Ia 4500
005 20250508152425.0
008 008 250505s9999 xx 000 0 eng d
037 _aTextual
040 _aFEDL
_beng
_cFEDL
041 _aeng
_2eng
084 _a370.193, STR
_qFEDL
100 _aStrang Ruth
245 0 _aGroup work in education
260 _aNew York, USA
_bHarper and Brothers Publishers
_c1958
300 _ax,322p.
942 _cTEXL
_h370.193, STR
999 _c1336325
_d1336325